000 01050cam a2200289 i 4500
001 17177
003 DO-SdUEMH
005 20260109171823.0
007 ta
008 211105s2004 |||gr|||| 000 0 spa|d
040 _aDO-SdUEMH
_bspa
_erda
041 _aspa
082 1 4 _mRD
_aRD 305.427293 C113V
_bC118v
084 _b15-00041
100 _aCáceres Ureña, Francisco I.
_eaut
245 1 0 _aViolencia conyugal en la República Dominicana: hurgado tras sus raíces /
_cFrancisco I. Cáceres Ureña, Germania Estévez Then
260 _c2004
264 0 1 _aSanto Domingo, República Dominicana :
_bAsociación Dominicana Pro-Bienestar de la Familia,
_c2004
300 _a129 paginas ;
_c27 cm.
336 _2rdacontent
_atexto
_btxt
337 _2rdamedia
_asin mediación
_bn
338 _2rdacarrier
_avolumen
_bnc
504 _aBibliografía en paginas 87-88
505 2 _aViolencia contra la mujer -- Violencia conyugal -- Violencia vs salud reproductiva -- Percepción sobre la mujer -- Conclusiones.
942 _2ddc
_cBK
_n0
999 _c17177
_d17177